000
00256nam a22001217a 4500
008
180216b xxu||||| |||| 00| 0 eng d
041
_a
eng
080
_a
61
100
_a
4
101
_a
shm
245
_a
arthrits what works
_c
dava.s
942
_2
udc
_c
BK
999
_c
42785
_d
42785